| 000 | 00535nam a2200181Ia 4500 | ||
|---|---|---|---|
| 008 | 230917s9999||||xx |||||||||||||| ||und|| | ||
| 020 | _cRS350 | ||
| 040 |
_e255170 _aMAIN |
||
| 041 | _aEnglish | ||
| 082 | _a030.954 I2I(2019) | ||
| 100 | _aIndia, Ministry of Information and Broadcasting | ||
| 245 | 0 | _aIndia 2019: A reference annual | |
| 250 | _a63rd ed. | ||
| 260 |
_aNew Delhi _bMinistry of Information and Broadcasting _c2019 |
||
| 300 | _a750 p. | ||
| 500 | _a3452 19/03/2019 HBD19/7830 25/03/2019 Main Budget | ||
| 942 | _cBK | ||
| 999 |
_c30887 _d30887 |
||